| 000 | 00930cam a22002655a 4500 | ||
|---|---|---|---|
| 001 | 17523337 | ||
| 005 | 20170927111550.0 | ||
| 008 | 121108t2013 caua fr 001 0 eng d | ||
| 020 | _a9780321832832 | ||
| 020 | _a0321832833 | ||
| 040 |
_aBTCTA _beng _cBTCTA _dYDXCP _dBWX _dGL5 _dDLC _dEG-ScBUE |
||
| 082 | 0 | 4 |
_222 _a006.5 _bADO |
| 245 | 0 | 0 |
_aAdobe audition CS6 : _bclassroom in a book : the official training workbook from adobe systems. |
| 260 |
_aSan Francisco : _bAdobe Press Books / Peachpit / Pearson Education, _cc.2013 |
||
| 300 |
_aviii, 293 p. : _bill. (col.) ; _c24 cm. + _e1 CD-ROM (4 3/4 in.) |
||
| 490 | 0 | _aClassroom in a book | |
| 500 | _aCD-ROM included for Windows and Mac OS. | ||
| 500 | _aIndex : p. 283-291. | ||
| 630 | 0 | 0 | _aAdobe Audition. |
| 650 | 0 |
_aDigital audio editors. _2BUEsh |
|
| 651 | _2BUEsh | ||
| 653 |
_bCOMAME _cAugust2015 _cDecember2015 |
||
| 710 | 2 |
_aAdobe Systems. _918543 |
|
| 942 | _2ddc | ||
| 999 |
_c20411 _d20383 |
||